Vista normal
Vista MARC
Entrada Personal Name
Número de registros utilizados en: 1
001 - CONTROL NUMBER
- control field: 61275
003 - CONTROL NUMBER IDENTIFIER
- control field: OSt
005 - DATE AND TIME OF LATEST TRANSACTION
- control field: 20250722152438.0
008 - FIXED-LENGTH DATA ELEMENTS
- fixed length control field: 250722|| aca||aabn | a|a d
040 ## - CATALOGING SOURCE
- Original cataloging agency: OSt
- Transcribing agency: OSt
100 ## - HEADING--PERSONAL NAME
- Personal name: Serna M., J. Alberto,
- Dates associated with a name: 1932
670 ## - SOURCE DATA FOUND
- Source citation: Work cat.: (OSt)57678: Serna M., J. Alberto, 1932 autor, Cómo mejorar la ortografía y enriquecer el vocabulario, mediante el estudio de las voces homófonas y los sustantivos ambiguos